Arizona Groups of Things - Statistics

General Stats
  • This quiz has been taken 31 times
  • The average score is 25 of 53
Answer Stats
Hint Answer % Correct
Largest Cities Phoenix
100%
Largest Cities Tucson
100%
Bordering States Utah
96%
Bordering States California
92%
Bordering States Colorado
92%
Major Rivers Colorado River
92%
Bordering States Nevada
92%
Bordering States New Mexico
88%
Pro Sports Teams Phoenix Suns
85%
Highest Ranked Universities University of Arizona
85%
Largest Cities Mesa
81%
Pro Sports Teams Arizona Cardinals
77%
Pro Sports Teams Arizona Diamondbacks
77%
National Parks Grand Canyon
77%
Deserts Mojave
77%
Most Populous Counties Mojave
77%
Largest Cities Scottsdale
73%
Largest Cities Chandler
69%
Major Cities on Route 66 Flagstaff
69%
Flags over Arizona United States
69%
Largest Cities Glendale
65%
Most Populous Counties Maricopa
65%
Flags over Arizona Mexico
62%
Highest Ranked Universities Arizona State University
50%
Flags over Arizona Spain
50%
Largest Cities Gilbert
46%
Highest Ranked Universities Northern Arizona University
46%
Deserts Sonoran
42%
National Parks Petrified Forest
38%
Major Rivers Gila River
35%
Most Populous Counties Pima
35%
National Parks Saguaro
35%
Major Cities on Route 66 Kingman
31%
Mountains over 10,000 ft Humphrey's Peak
23%
Last Three Governors Katie Hobbs
23%
Major Cities on Route 66 Winslow
23%
Last Three Governors Doug Ducey
19%
Major Rivers Salt River
19%
Major Cities on Route 66 Holbrook
15%
Most Populous Counties Pinal
15%
Deserts Chihuahuan
12%
Deserts Great Basin
12%
Most Populous Counties Yavapai
12%
Major Rivers Little Colorado River
8%
Major Cities on Route 66 Williams
8%
Last Three Governors Jan Brewer
4%
Major Cities on Route 66 Seligman
4%
Major Rivers Verde River
4%
Mountains over 10,000 ft Agassiz Peak
0%
Mountains over 10,000 ft Escudilla Mountain
0%
Mountains over 10,000 ft Kendrick Peak
0%
Mountains over 10,000 ft Mount Baldy
0%
Mountains over 10,000 ft Mount Graham
0%
No matching quizzes found
Score Distribution
Percent of People with Each Score
Percentile by Number Answered
Your Score History
You have not taken this quiz